000 01084nam a2200241Ia 4500
008 0000001984 usa 0000000000eng00
090 _aPUS00 K13j
100 1 _aKahr, Madlyn Millner
245 1 0 _aJames Rosen
_c/ texts by KMadlyn Millner Kahr, Christiane Andersson
300 _a16 p.
_c/ 28 cm.
500 _aExposición realizada en Bluxome Gallery de San Francisco, California, entre el 8 de noviembre y el 8 de diciembre de 1984 \ Incluye datos biográficos y cronología artística \ Texto en inglés
501 _aTEXTOS: The art of James Rosen / by Madlyn Millner Kahr James Rosen's watercolors / by Christiane Andersson
600 0 0 _a ROSEN, JAMES M., 1933/
_xTRABAJOS PICTORICOS
650 1 4 _a PINTURA ESTADOUNIDENSE
650 1 4 _aARTE CONTEMPORANEO ESTADOUNIDENSE
650 1 4 _aARTISTAS PLASTICOS ESTADOUNIDENSES
650 1 4 _xCATALOGOS
650 1 4 _xEXPOSICIONES
650 1 4 _aSIMBOLISMO RELIGIOSO EN EL ARTE
650 1 4 _aVIRGEN MARIA EN EL ARTE
700 1 _aAndersson, Christiane
999 _c15736
_d15736
260 _aSan Francisco : Bluxome Gallery
_c1984